Foursomes from Sets (TV) Quiz Stats

Quiz Updated Aug 23, 2012

Challenge
Share
Tweet
Score 0/120 Timer 10:00
1 Play Today
% Correct
Actor - First NameSteve Carell - Michael Scott
91.2%
Actor - Last NameSteve Carell - Michael Scott
91.2%
Character - First NameSteve Carell - Michael Scott
91.2%
Character - Last NameSteve Carell - Michael Scott
91.2%
Actor - First NameJennifer Aniston - Rachel Green
86.4%
Actor - Last NameJennifer Aniston - Rachel Green
86.4%
Character - First NameJennifer Aniston - Rachel Green
86.4%
Character - Last NameJennifer Aniston - Rachel Green
86.4%
Actor - First NameKiefer Sutherland - Jack Bauer
86.2%
Actor - Last NameKiefer Sutherland - Jack Bauer
86.2%
Character - First NameKiefer Sutherland - Jack Bauer
86.2%
Character - Last NameKiefer Sutherland - Jack Bauer
86.2%
Actor - First NameBill Cosby - Cliff Huxtable
83.8%
Actor - Last NameBill Cosby - Cliff Huxtable
83.8%
Character - First NameBill Cosby - Cliff Huxtable
83.8%
Character - Last NameBill Cosby - Cliff Huxtable
83.8%
Actor - First NameJason Alexander - George Costanza
78.3%
Actor - Last NameJason Alexander - George Costanza
78.3%
Character - First NameJason Alexander - George Costanza
78.3%
Character - Last NameJason Alexander - George Costanza
78.3%
Actor - First NameHugh Laurie - Gregory House
77.3%
Actor - Last NameHugh Laurie - Gregory House
77.3%
Character - First NameHugh Laurie - Gregory House
77.3%
Character - Last NameHugh Laurie - Gregory House
77.3%
Actor - First NameJames Gandolfini - Tony Soprano
76.4%
Actor - Last NameJames Gandolfini - Tony Soprano
76.4%
Character - First NameJames Gandolfini - Tony Soprano
76.4%
Character - Last NameJames Gandolfini - Tony Soprano
76.4%
Actor - First NameHenry Winkler - Arthur Fonzarelli
76.1%
Actor - Last NameHenry Winkler - Arthur Fonzarelli
76.1%
Character - First NameHenry Winkler - Arthur Fonzarelli
76.1%
Character - Last NameHenry Winkler - Arthur Fonzarelli
76.1%
Actor - First NameAmerica Ferrera - Betty Suarez
70.1%
Actor - Last NameAmerica Ferrera - Betty Suarez
70.1%
Character - First NameAmerica Ferrera - Betty Suarez
70.1%
Character - Last NameAmerica Ferrera - Betty Suarez
70.1%
Actor - First NameDebra Messing - Grace Adler
69.2%
Actor - Last NameDebra Messing - Grace Adler
69.2%
Character - First NameDebra Messing - Grace Adler
69.2%
Character - Last NameDebra Messing - Grace Adler
69.2%
% Correct
Actor - First NameTina Fey - Liz Lemon
68.7%
Actor - Last NameTina Fey - Liz Lemon
68.7%
Character - First NameTina Fey - Liz Lemon
68.7%
Character - Last NameTina Fey - Liz Lemon
68.7%
Actor - First NameJaleel White - Steve Urkel
68.6%
Actor - Last NameJaleel White - Steve Urkel
68.6%
Character - First NameJaleel White - Steve Urkel
68.6%
Character - Last NameJaleel White - Steve Urkel
68.6%
Actor - First NameSeth MacFarlane - Peter Griffin
64.8%
Actor - Last NameSeth MacFarlane - Peter Griffin
64.8%
Character - First NameSeth MacFarlane - Peter Griffin
64.8%
Character - Last NameSeth MacFarlane - Peter Griffin
64.8%
Actor - First NameFran Drescher - Fran Fine
64.1%
Actor - Last NameFran Drescher - Fran Fine
64.1%
Character - First NameFran Drescher - Fran Fine
64.1%
Character - Last NameFran Drescher - Fran Fine
64.1%
Actor - First NameTim Allen - Tim Taylor
62.9%
Actor - Last NameTim Allen - Tim Taylor
62.9%
Character - First NameTim Allen - Tim Taylor
62.9%
Character - Last NameTim Allen - Tim Taylor
62.9%
Actor - First NameTed Danson - Sam Malone
62.7%
Actor - Last NameTed Danson - Sam Malone
62.7%
Character - First NameTed Danson - Sam Malone
62.7%
Character - Last NameTed Danson - Sam Malone
62.7%
Actor - First NameKim Cattrall - Samantha Jones
60.5%
Actor - Last NameKim Cattrall - Samantha Jones
60.5%
Character - First NameKim Cattrall - Samantha Jones
60.5%
Character - Last NameKim Cattrall - Samantha Jones
60.5%
Actor - First NameWill Smith - Will Smith
60.4%
Actor - Last NameWill Smith - Will Smith
60.4%
Character - First NameWill Smith - Will Smith
60.4%
Character - Last NameWill Smith - Will Smith
60.4%
Actor - First NameDustin Diamond - Screech Powers
58.2%
Actor - Last NameDustin Diamond - Screech Powers
58.2%
Character - First NameDustin Diamond - Screech Powers
58.2%
Character - Last NameDustin Diamond - Screech Powers
58.2%
Actor - First NameAnna Paquin - Sookie Stackhouse
55.2%
Actor - Last NameAnna Paquin - Sookie Stackhouse
55.2%
Character - First NameAnna Paquin - Sookie Stackhouse
55.2%
Character - Last NameAnna Paquin - Sookie Stackhouse
55.2%
% Correct
Actor - First NameLarry Hagman - J.R. Ewing
53.6%
Actor - Last NameLarry Hagman - J.R. Ewing
53.6%
Character - First NameLarry Hagman - J.R. Ewing
53.6%
Character - Last NameLarry Hagman - J.R. Ewing
53.6%
Actor - First NameJon Hamm - Don Draper
52.3%
Actor - Last NameJon Hamm - Don Draper
52.3%
Character - First NameJon Hamm - Don Draper
52.3%
Character - Last NameJon Hamm - Don Draper
52.3%
Actor - First NameBea Arthur - Maude Findlay
50.1%
Actor - Last NameBea Arthur - Maude Findlay
50.1%
Character - First NameBea Arthur - Maude Findlay
50.1%
Character - Last NameBea Arthur - Maude Findlay
50.1%
Actor - First NameJennifer Garner - Sydney Bristow
49.8%
Actor - Last NameJennifer Garner - Sydney Bristow
49.8%
Character - First NameJennifer Garner - Sydney Bristow
49.8%
Character - Last NameJennifer Garner - Sydney Bristow
49.8%
Actor - First NameDanica McKellar - Winnie Cooper
45.5%
Actor - Last NameDanica McKellar - Winnie Cooper
45.5%
Character - First NameDanica McKellar - Winnie Cooper
45.5%
Character - Last NameDanica McKellar - Winnie Cooper
45.5%
Actor - First NameKatie Holmes - Joey Potter
44.6%
Actor - Last NameKatie Holmes - Joey Potter
44.6%
Character - First NameKatie Holmes - Joey Potter
44.6%
Character - Last NameKatie Holmes - Joey Potter
44.6%
Actor - First NameMartin Sheen - Josiah Bartlet
42.9%
Actor - Last NameMartin Sheen - Josiah Bartlet
42.9%
Character - First NameMartin Sheen - Josiah Bartlet
42.9%
Character - Last NameMartin Sheen - Josiah Bartlet
42.9%
Actor - First NameMatthew Fox - Jack Shephard
42.9%
Actor - Last NameMatthew Fox - Jack Shephard
42.9%
Character - First NameMatthew Fox - Jack Shephard
42.9%
Character - Last NameMatthew Fox - Jack Shephard
42.9%
Actor - First NameAdrian Grenier - Vincent Chase
40.6%
Actor - Last NameAdrian Grenier - Vincent Chase
40.6%
Character - First NameAdrian Grenier - Vincent Chase
40.6%
Character - Last NameAdrian Grenier - Vincent Chase
40.6%
Actor - First NameDanny DeVito - Frank Reynolds
36.9%
Actor - Last NameDanny DeVito - Frank Reynolds
36.9%
Character - First NameDanny DeVito - Frank Reynolds
36.9%
Character - Last NameDanny DeVito - Frank Reynolds
36.9%

You're not logged in!

Compare scores with friends on all Sporcle quizzes.
Join for Free
OR
Log In

You Might Also Like...

Show Comments

Extras

Top Quizzes Today


Score Distribution

Your Account Isn't Verified!

In order to create a playlist on Sporcle, you need to verify the email address you used during registration. Go to your Sporcle Settings to finish the process.

Report this User

Report this user for behavior that violates our Community Guidelines.

Details: